• 首页
  • 本馆介绍
  • 公告通知
  • 最新文献
  • 馆藏检索
  • 电子资源
  • 读者导购
  • 参考咨询
  • 我的图书馆
  • 登录
  • 详细信息显示
  • 放入我的书架
  • 预约/预借图书
  • 作者相关作品
  • 分类相关作品
  • 丛书相关作品
  • 出版社相关作品

书目信息

  • 表格格式
  • 工作单格式
  • 卡片格式
题名:
尔雅研究
    
 
作者: 管锡华 著
分册:  
出版信息: 昆明   云南大学出版社  1996
页数: 267页
开本: 32开
丛书名: 青年学者丛书
单 册:
中图分类: H131.2
科图分类:
主题词: 汉语--语义学 , 汉语--词汇 , 训诂
电子资源:
ISBN: 7-81025-045-0
000 00632nam0 2200241 45
001 0111191032
005 20031219104051.6
010    @a7-81025-045-0@dCNY13.50
100    @a20011119d1996 km y0chiy0120 ea
101 0  @achi
105    @a z 000yy
200 1  @a尔雅研究@AEr Ya Yan Jiu@f管锡华著@FGuan Xi Hua Zhu
210    @a昆明@c云南大学出版社@d1996
215    @a267页@d32开
225    @a青年学者丛书
410    @12001 @a青年学者丛书
606 0  @a汉语@x语义学
606 0  @a汉语@x词汇
606 0  @a训诂
690    @aH131.2@v4
701    @a管锡华@4著
801    @aCN@bTSTC@c20011119
905    @f5@b300847-851@dH131.2@e210
    
    尔雅研究/管锡华著.-昆明:云南大学出版社,1996
    267页;32开.-(青年学者丛书)
    
    
    ISBN 7-81025-045-0:CNY13.50
    
●
相关链接 在E读中查询图书 在五车中查询图书 在当当中查询图书 在豆瓣中查询图书


正题名:尔雅研究     索取号:H131.2/210         预约/预借

序号 登录号 条形码 馆藏地/架位号 状态 备注
1 0300847   203008477   第四借阅区/ [索取号:H131.2/210] 在馆    
2 0300848   203008486   第四借阅区/ [索取号:H131.2/210] 在馆    
3 0300849   203008495   第四借阅区/ [索取号:H131.2/210] 在馆    
4 0300850   203008501   第四借阅区/ [索取号:H131.2/210] 在馆    
5 0300851   203008510   第二样本阅览室/ [索取号:H131.2/210] 在馆    
唐山师范学院图书馆 欢迎您!
大连网信软件有限公司© 版权所有